LIBRARY & INFORMATION CENTRE, KCAET, TAVANUR

ONLINE PUBLIC ACCESS CATALOGUE (OPAC)

Development and Evaluation of a Vacuum Frying System for Banana Chips (Musa spp.) (Record no. 14899)

MARC details
000 -LEADER
fixed length control field 00743nam a22001817a 4500
003 - CONTROL NUMBER IDENTIFIER
control field OSt
088 ## - REPORT NUMBER
Report number T 387
100 ## - MAIN ENTRY--AUTHOR NAME
Personal name RANASALA N
245 ## - TITLE STATEMENT
Title Development and Evaluation of a Vacuum Frying System for Banana Chips (Musa spp.)
260 ## - PUBLICATION, DISTRIBUTION, ETC. (IMPRINT)
Place of publication Tavanur 2017
Name of publisher DEPARTMENT OF FOOD AND AGRICULTURAL PROCESS ENGINEERING
300 ## - PHYSICAL DESCRIPTION
Number of Pages 193
500 ## - GENERAL NOTE
General note Development and Evaluation of a Vacuum Frying System for Banana Chips (Musa spp.) doctor of philosophy
520 ## - SUMMARY, ETC.
Summary, etc Development and Evaluation of a Vacuum Frying System for Banana Chips (Musa spp.) doctor of philosophy
700 ## - ADDED ENTRY--PERSONAL NAME
Personal name Dr. Sudheer K.P (Guide)
856 ## - ELECTRONIC LOCATION AND ACCESS
Uniform Resource Identifier https://drive.google.com/open?id=1SlRLp0Ucvzba9pJx2HsGBlPGn0Le4Rql
942 ## - ADDED ENTRY ELEMENTS (KOHA)
Koha item type Theses
Holdings
Collection code Home library Current library Shelving location Full call number Accession Number Koha item type Public note
Reference KAUAET KAUAET Reference 664 RAN/DE T 387 Theses PhD Thesis
free website counter